Johnny Jane - Attitude - Statistiques

Statistiques générales
  • Ce quiz a été pris 12 fois
  • Le résultat moyen est 156 sur 197
Statistiques - réponses
Réponse % Correct
à
100%
Ça
100%
ça
100%
de
100%
des
100%
fait
100%
j'
100%
j'ai
100%
je
100%
manipules
100%
me
100%
mois
100%
quand
100%
que
100%
rien
100%
traine
100%
tu
100%
et
80%
fais
80%
la
80%
l'attitude
80%
mal
80%
nous
80%
regardes
80%
aller
60%
arrête
60%
as
60%
au
60%
avec
60%
bord
60%
ce
60%
chance
60%
comme
60%
commence
60%
coup
60%
crois
60%
dans
60%
demain
60%
dépasse
60%
dis-moi
60%
encore
60%
excès
60%
faire
60%
feront
60%
fête
60%
finit
60%
jours
60%
juste
60%
laisse
60%
le
60%
l'eau
60%
l'habitude
60%
mais
60%
n'a
60%
noir
60%
n'veux
60%
plus
60%
quelques
60%
qui
60%
retrouvé
60%
se
60%
sens
60%
sera
60%
si
60%
soir
60%
te
60%
un
60%
voir
60%
avant
40%
cauchemar
40%
c'est
40%
coïncidence
40%
croise
40%
hasard
40%
même
40%
mes
40%
on
40%
par
40%
peut-être
40%
retiennes
40%
reves
40%
tenir
40%
tomberai
40%
une
40%
Aucun quiz correspondant
Distribution des résultats
% des personnes avec chaque résultat
Percentile par nombre de réponses
Votre historique - résultats
Vous n’avez pas pris ce quiz